Statistics for Hamilton Characters

Click here to take the quiz!

General Stats

  • This quiz has been taken 644 times
  • The average score is 16 of 19

Answer Stats

Answer% Correct
Alexander Hamilton
100%
Aaron Burr
97%
Angelica Schuyler
96%
Eliza Schuyler
95%
Peggy Schuyler
95%
George Washington
93%
Thomas Jefferson
91%
John Laurens
89%
Lafayette
89%
Hercules Mulligan
88%
James Madison
85%
Philip Hamilton
84%
King George
83%
Maria Reynolds
81%
James Reynolds
68%
Charles Lee
65%
Samuel Seabury
63%
George Eacker
49%
John Adams
49%

Score Distribution

Percentile by Number Answered

Percent of People with Each Score

Your Score History

You have not taken this quiz